Mario Kart DS Courses - Statistics

General Stats
  • This quiz has been taken 19 times
  • The average score is 24 of 32
Answer Stats
Answer % Correct
Rainbow Road
100%
Bowser Castle
93%
Peach Gardens
93%
Luigi's Mansion
87%
Mario Circuit
87%
SNES Mario Circuit 1
87%
Waluigi Pinball
87%
Wario Stadium
87%
Airship Fortress
80%
Cheep Cheep Beach
80%
Figure-8 Circuit
80%
GBA Luigi Circuit
80%
GBA Peach Circuit
80%
GCN Luigi Circuit
80%
Yoshi Falls
80%
GCN Baby Park
73%
GCN Mushroom Bridge
73%
GCN Yoshi Circuit
73%
N64 Moo Moo Farm
73%
Shroom Ridge
73%
SNES Choco Island 2
73%
Tick Tock Clock
73%
Delfino Square
67%
Desert Hills
67%
GBA Sky Garden
67%
N64 Choco Mountain
67%
N64 Frappe Snowland
67%
SNES Donut Plains 1
67%
DK Pass
60%
GBA Bowser Castle 2
60%
N64 Banshee Boardwalk
60%
SNES Koopa Beach 2
60%
No matching quizzes found
Score Distribution
Percent of People with Each Score
Percentile by Number Answered
Your Score History
You have not taken this quiz